[Event "12th Teplice Open 2017"]
[Site "Teplice CZE"]
[Date "2017.06.12"]
[Round "3.13"]
[White "Mikes,J"]
[Black "Hnydiuk,A"]
[Result "0-1"]
[WhiteElo "2212"]
[BlackElo "2404"]

1.e4 Nf6 2.Nc3 e5 3.d3 d5 4.Bg5 Bb4 5.exd5 Qxd5 6.Ne2 Qc6 7.a3 Ba5 8.Qd2 O-O
9.Bxf6 Qxf6 10.Ng3 Nc6 11.Be2 Nd4 12.O-O Qf4 13.Qd1 Be6 14.Nce4 Rad8 15.Nh5
Qh6 16.g4 f5 17.gxf5 Bxf5 18.Nhg3 Bh3 19.b4 Bxf1 20.Qxf1 Bb6 21.c4 Nxe2+
22.Qxe2 Bd4 23.Ra2 Qc1+ 24.Kg2 Rf4 25.Qh5 Rdf8 26.Ng5 h6 27.Nh3 Rf3 28.Qg6 Qd1
29.Qe6+ Kh8 30.Ne4 Qxd3 31.Qg4 R3f4 {#R} 0-1

[Event "44th OKU 2017"]
[Site "Utrecht NED"]
[Date "2017.06.10"]
[Round "3.8"]
[White "Van Kerkhof,D"]
[Black "Van 't Hof,E"]
[Result "1-0"]
[WhiteElo "2331"]
[BlackElo "2120"]

1.e4 e5 2.f4 exf4 3.Nf3 Be7 4.Bc4 Nf6 5.e5 Ng4 6.O-O d6 7.exd6 Qxd6 8.d4 Be6
9.Bxe6 fxe6 10.Nc3 O-O 11.Qe2 Na6 12.Bd2 Rae8 13.Rae1 Bd8 14.h3 Nh6 15.Ne4 Qb6
16.Qc4 Rf5 17.Nc3 Nf7 18.Nd5 Qd6 19.Nxf4 Rxf4 20.Bxf4 Qxf4 21.Rxe6 Rxe6
22.Qxe6 Qd6 23.Qb3 Qb6 24.Re1 g6 25.Re8+ Kg7 26.Qe3 Bf6 27.c3 Qxb2 28.Ra8 Nd8
29.g4 h6 30.Qe8 Qxc3 31.Kg2 Qc2+ 32.Kg3 Qc6 33.Qe3 b5 34.Rxa7 Qb6 35.Ra8 Qb7
36.Rxd8 Bxd8 37.Qe6 Bf6 38.h4 c6 39.g5 hxg5 40.hxg5 Qe7 41.gxf6+ Qxf6 42.Qd7+
Kh6 43.Ne5 Qg5+ 44.Ng4+ {#r} 1-0

[Event "10th Mayors Cup Open 2017"]
[Site "Mumbai IND"]
[Date "2017.06.11"]
[Round "10.20"]
[White "Yogit,S"]
[Black "Gajwa,A"]
[Result "1-0"]
[WhiteElo "2200"]
[BlackElo "2309"]

1.e4 e5 2.f4 d5 3.exd5 exf4 4.Nf3 Nf6 5.Bc4 Qe7+ 6.Qe2 Qxe2+ 7.Kxe2 Nbd7 8.d4
Bd6 9.Bb3 b5 10.Re1 O-O 11.Kf2 Bb7 12.Nc3 a6 13.Ne2 Nh5 14.Bd2 Ndf6 15.Nc1 h6
16.Nd3 Bxd5 17.Bxd5 Nxd5 18.b3 b4 19.Nfe5 Rfe8 20.Kf3 g5 21.h4 f6 22.Nc6 Rxe1
23.Rxe1 a5 24.a3 Ra6 25.Nb8 Ra8 26.Nc6 bxa3 27.Nxa5 Ne3 28.Bxe3 fxe3 29.Nc4
Bg3 30.Ra1 f5 31.hxg5 hxg5 32.Rxa3 Re8 33.Nce5 f4 34.Ra6 Kh7 35.Ng4 Kg7 36.Rh6
Rh8 37.Rc6 Rc8 38.Nde5 Bh4 39.d5 Ng3 40.d6 cxd6 41.Rxc8 dxe5 42.Nxe5 Kf6
43.Nd3 Nf5 44.c3 Bg3 45.Rf8+ Ke6 46.Nc5+ Ke5 47.Nd7+ Ke6 48.Rf6+ Kxd7 49.Rxf5
g4+ 50.Ke2 Ke6 51.Rg5 {#r} 1-0

[Event "18th ch-EUR Indiv 2017"]
[Site "Minsk BLR"]
[Date "2017.06.10"]
[Round "11.20"]
[White "Mamedov,Rau"]
[Black "Kunin,V"]
[Result "0-1"]
[WhiteElo "2689"]
[BlackElo "2551"]

1.e4 d6 2.d4 Nf6 3.Nc3 e5 4.Nf3 Nbd7 5.Bc4 Be7 6.O-O O-O 7.a4 exd4 8.Nxd4 Ne5
9.Bb3 Bg4 10.f3 Bd7 11.Be3 Re8 12.h3 Bf8 13.Qd2 c6 14.Rae1 a6 15.f4 Ng6 16.Nf3
Be6 17.Bxe6 fxe6 18.Qf2 d5 19.e5 Nd7 20.Ne2 Qa5 21.b3 Nc5 22.Ng3 Be7 23.Rb1
Nd7 24.Nh5 Qc7 25.g4 Rf8 26.Qg3 Rae8 27.Kh1 a5 28.Rbe1 b5 29.Ra1 b4 30.Rae1 c5
31.Bd2 c4 32.f5 exf5 33.e6 f4 34.Bxf4 Nxf4 35.exd7 Qxd7 36.Nxf4 Bd6 37.Rxe8
Qxe8 38.Nh4 Qe4+ 39.Nhg2 g5 40.Re1 Rxf4 41.Qe3 Qxe3 42.Nxe3 cxb3 43.cxb3 Rf3
44.Nf5 Bc5 45.Re8+ Kf7 46.Ra8 Rxb3 47.Rxa5 Rc3 48.Rb5 d4 49.Kg2 d3 50.Kf3 Rc1
51.Rb7+ Ke6 52.Ng7+ Ke5 53.Rd7 b3 {#R} 0-1

[Event "12th American Continental"]
[Site "Medellin COL"]
[Date "2017.06.11"]
[Round "2.51"]
[White "Cori Quispe,Kevin Joel"]
[Black "Moran Reyes,P"]
[Result "1-0"]
[WhiteElo "2390"]
[BlackElo "2129"]

1.e4 d6 2.d4 Nf6 3.Nc3 e5 4.Nf3 Nbd7 5.Bc4 Be7 6.O-O O-O 7.a4 c6 8.Re1 b6 9.b3
a6 10.d5 c5 11.Bf1 Ne8 12.Nd2 g6 13.Nc4 Bf6 14.Bh6 Bg7 15.Qd2 Bxh6 16.Qxh6 Qf6
17.Rab1 a5 18.g3 Ba6 19.Bh3 Ra7 20.Bxd7 Rxd7 21.Nxb6 Rb7 22.Nc4 Bxc4 23.bxc4
Rb4 24.Rxb4 cxb4 25.Nb5 Qd8 26.Na7 Qc7 27.Nc6 Nf6 28.Qg5 Kg7 29.c5 dxc5
30.Qxe5 Qxe5 31.Nxe5 Ra8 32.Nc4 Re8 33.d6 Kf8 34.e5 Nd5 35.Nxa5 Nb6 36.Nb7 Nd7
37.f4 Rb8 38.Na5 Ra8 39.Nc4 Rxa4 40.g4 Ra8 41.f5 gxf5 42.gxf5 Ra6 43.e6 fxe6
44.fxe6 Nb6 45.e7+ Ke8 46.Nxb6 {#r} 1-0

[Event "12th American Continental"]
[Site "Medellin COL"]
[Date "2017.06.11"]
[Round "2.8"]
[White "Sevian,Samuel"]
[Black "Arias Santana,M"]
[Result "1-0"]
[WhiteElo "2601"]
[BlackElo "2292"]

1.e4 e5 2.Nf3 Nf6 3.Nxe5 d6 4.Nf3 Nxe4 5.d4 d5 6.Bd3 Nc6 7.O-O Be7 8.c4 Nb4
9.Be2 O-O 10.Nc3 Bf5 11.a3 Nxc3 12.bxc3 Nc6 13.Re1 Re8 14.Ra2 Bf6 15.Rb2 b6
16.cxd5 Qxd5 17.Bf4 Re7 18.Nd2 Rae8 19.Nf1 Qe4 20.Be3 Bd7 21.Ng3 Qd5 22.Nh5
Qd6 23.Qc1 Bh4 24.g3 g6 25.Nf4 Bf6 26.Bf3 Bg7 27.Rbe2 Kh8 28.Nd5 Bg4 29.Nxe7
Bxf3 30.Bf4 Qd7 31.Nxg6+ hxg6 32.Rxe8+ Kh7 33.R8e3 Bg4 34.Qc2 f5 35.Qa2 {#r}
1-0

[Event "8th Dolomiti Open 2017"]
[Site "Forni di Sopra ITA"]
[Date "2017.06.12"]
[Round "3.10"]
[White "Derakhshani,D"]
[Black "Hansson,H"]
[Result "1-0"]
[WhiteElo "2321"]
[BlackElo "2011"]

1.e4 e5 2.Nf3 Nf6 3.Nxe5 d6 4.Nf3 Nxe4 5.d4 d5 6.Bd3 Nf6 7.O-O Be7 8.c3 O-O
9.h3 Re8 10.Bg5 h6 11.Bh4 c6 12.Nbd2 Be6 13.Ne5 Qc8 14.Qf3 Nbd7 15.b4 Nxe5
16.dxe5 Nd7 17.Bxe7 Rxe7 18.Qg3 Nf8 19.Qh4 Rc7 20.Qh5 Qd8 21.f4 f6 22.Rae1
fxe5 23.Qxe5 Bf7 24.Nf3 Nd7 25.Qf5 g6 26.Qg4 Nf6 27.Qg3 Nh5 28.Qh2 Qf6 29.f5
Rac8 30.fxg6 Be8 31.Rxe8+ Rxe8 32.Qxc7 Re7 33.Qb8+ Kg7 34.Nd4 Qg5 35.Qf8# 1-0

[Event "10th Mayors Cup Open 2017"]
[Site "Mumbai IND"]
[Date "2017.06.11"]
[Round "10.21"]
[White "Nayak,Rajesh"]
[Black "Mohammad Fahad,Rahman"]
[Result "1-0"]
[WhiteElo "2067"]
[BlackElo "2169"]

1.e4 e5 2.Nf3 Nf6 3.Nxe5 d6 4.Nf3 Nxe4 5.c4 Be7 6.d4 c6 7.Bd3 d5 8.O-O Bg4
9.cxd5 cxd5 10.Qa4+ Bd7 11.Qb3 Bc6 12.Ne5 O-O 13.Nc3 Bd6 14.Nxe4 dxe4 15.Bc4
Bxe5 16.dxe5 Nd7 17.Bxf7+ Kh8 18.e6 Ne5 19.Rd1 Qf6 20.Be3 Nxf7 21.exf7 Rxf7
22.Rd2 Rff8 23.Rad1 a6 24.Rd6 Qe5 25.Qb6 Rae8 26.h3 Qf5 27.Qd4 Qe5 28.Qb6 Rf6
29.Rxf6 Qxf6 30.Qc7 h6 31.Qg3 Re6 32.Rd4 Kh7 33.b3 Qe7 34.Qb8 Qf7 35.Rd2 Re8
36.Qg3 Re6 37.Qb8 Re8 38.Rd8 Rxd8 39.Qxd8 Bd7 40.Qc7 Qd5 41.Kh2 Bc6 42.Qf4 a5
43.g4 b5 44.a3 Be8 45.a4 Bd7 46.Qc7 h5 47.Qf4 hxg4 48.hxg4 g6 49.Qb8 Be8
50.Qf4 Bf7 51.Qc7 Qd7 52.Qe5 Qd3 53.Qg7+ {#r} 1-0

[Event "CHN Team Men 2017"]
[Site "Beijing CHN"]
[Date "2017.06.06"]
[Round "1.1"]
[White "Liu Qingnan"]
[Black "Wu Xibin"]
[Result "1-0"]
[WhiteElo "2503"]
[BlackElo "2232"]
[EventType "team"]

1.e4 e5 2.Nf3 Nf6 3.Nxe5 d6 4.Nf3 Nxe4 5.d4 d5 6.Bd3 Nc6 7.O-O Be7 8.c4 Nb4
9.Be2 O-O 10.Nc3 Bf5 11.a3 Nxc3 12.bxc3 Nc6 13.Re1 Re8 14.cxd5 Qxd5 15.Bf4
Rac8 16.Nd2 Na5 17.Bf1 Qd7 18.Qf3 Bd6 19.h3 Bxf4 20.Qxf4 Bg6 21.h4 b6 22.g4 h5
23.Bh3 c5 24.d5 Rcd8 25.c4 Bd3 26.Kh2 Rxe1 27.Rxe1 Qd6 28.Qxd6 Rxd6 29.Re8+
Kh7 30.gxh5 Nxc4 31.Nf3 f6 32.Be6 a5 33.Ne1 Bb1 34.f4 g6 35.hxg6+ Bxg6 36.Re7+
Kh6 37.f5 Bh7 38.Ng2 Rd8 39.d6 Rxd6 40.Bxc4 Bxf5 41.Ne3 Bd7 42.Kg3 Rd4 43.Bd5
Bc8 44.Rc7 f5 45.Rc6+ Kg7 46.Kf3 f4 47.Nc4 Rxd5 48.Rxc8 Rd3+ 49.Kg4 f3 50.Kg3
b5 51.Ne5 Rxa3 52.Rc7+ Kf6 53.Rxc5 b4 54.Ng4+ Kg7 55.h5 a4 56.Rc7+ Kf8 57.Nf2
Rc3 58.Rb7 b3 59.h6 Kg8 60.Ne4 Rc6 61.h7+ Kh8 62.Ng5 Rc8 63.Nf7+ {#r} 1-0

[Event "CHN Team Men 2017"]
[Site "Beijing CHN"]
[Date "2017.06.08"]
[Round "3.5"]
[White "Li,Yankai"]
[Black "Lin,Yi"]
[Result "1-0"]
[WhiteElo "2451"]
[BlackElo "2392"]
[EventType "team"]

1.e4 e5 2.Nf3 Nf6 3.Nxe5 d6 4.Nf3 Nxe4 5.d4 d5 6.Bd3 Be7 7.O-O Nc6 8.Nbd2 Bf5
9.Re1 Nxd2 10.Qxd2 Bxd3 11.Qxd3 O-O 12.Bf4 h6 13.Re2 Bd6 14.Bxd6 Qxd6 15.Rae1
Qd7 16.c3 a6 17.g3 Rfe8 18.Kg2 Rxe2 19.Qxe2 Kf8 20.Qc2 Kg8 21.Qe2 Kf8 22.Qc2
Kg8 23.h4 Rb8 24.Re3 b5 25.Nd2 Na5 26.b4 Nc4 27.Nxc4 bxc4 28.Qe2 Kf8 29.Re5
Re8 30.h5 Rxe5 31.Qxe5 f6 32.Qf4 Kf7 33.Kf3 c6 34.Qg4 Qe7 35.Kg2 Kg8 36.Qc8+
Kh7 37.Qf5+ Kg8 38.Kf1 Qe8 39.a4 Kh8 40.g4 a5 41.bxa5 Qa8 42.Qb1 Qxa5 43.Qb8+
Kh7 44.Qb4 Qc7 45.a5 Qc8 46.f3 Kh8 47.Qb6 Qe6 48.Qb8+ Kh7 49.Kf2 Qe7 50.a6 Qa3
51.a7 {#r} 1-0

[Event "CHN Team Men 2017"]
[Site "Beijing CHN"]
[Date "2017.06.11"]
[Round "6.5"]
[White "Wan Yunguo"]
[Black "Lin,Yi"]
[Result "1-0"]
[WhiteElo "2482"]
[BlackElo "2392"]
[EventType "team"]

1.e4 e5 2.Nf3 Nf6 3.Nxe5 d6 4.Nf3 Nxe4 5.d4 d5 6.Bd3 Be7 7.O-O Nc6 8.Nbd2 Nd6
9.c3 Bf5 10.Bxf5 Nxf5 11.Re1 O-O 12.Qb3 Rb8 13.Ne5 Nh4 14.g3 Ng6 15.Nxg6 hxg6
16.Nf3 g5 17.Qc2 g6 18.b4 b5 19.a4 Kg7 20.axb5 Rxb5 21.Qe2 Qb8 22.Ra6 Qb7
23.Rxc6 Qxc6 24.Qxe7 Qxc3 25.Bxg5 Qxf3 26.Bh6+ Kxh6 27.Qxf8+ Kg5 28.Re5+ {#r}
1-0

[Event "18th ch-EUR Indiv 2017"]
[Site "Minsk BLR"]
[Date "2017.06.06"]
[Round "7.24"]
[White "Ponkratov,P"]
[Black "Ponomariov,R"]
[Result "0-1"]
[WhiteElo "2590"]
[BlackElo "2712"]

1.e4 e5 2.Nf3 Nc6 3.d4 exd4 4.Nxd4 Nf6 5.Nxc6 bxc6 6.e5 Qe7 7.Qe2 Nd5 8.c4 Nb6
9.b3 g6 10.Ba3 c5 11.Nc3 Bg7 12.O-O-O O-O 13.f4 Bb7 14.Nb5 a6 15.Nxc7 Rac8
16.Rd6 Nxc4 17.Qxc4 Rxc7 18.h4 Rfc8 19.h5 Rc6 20.hxg6 hxg6 21.Rxc6 Bxc6
22.Bxc5 d6 23.Bxd6 Qd7 24.Bc5 Bb5 25.Qc2 Bxf1 26.Rxf1 Qb5 27.Qf2 Bf8 {#R} 0-1

[Event "39th Nezhmetdinov Mem"]
[Site "Kazan RUS"]
[Date "2017.06.07"]
[Round "8.4"]
[White "Moiseenko,Va"]
[Black "Maiorov,N1"]
[Result "1-0"]
[WhiteElo "2528"]
[BlackElo "2527"]

1.e4 e5 2.Nf3 Nc6 3.d4 exd4 4.Nxd4 Bc5 5.c3 Nge7 6.Be3 Bb6 7.Nd2 O-O 8.Nxc6
bxc6 9.Bxb6 axb6 10.Bd3 Ng6 11.O-O Nf4 12.Bc2 Ba6 13.c4 Qf6 14.g3 Ng6 15.b3 d5
16.f4 dxc4 17.e5 Qe7 18.bxc4 Rfd8 19.Qe2 Rd4 20.Bb3 Rad8 21.Nf3 Rd3 22.Qe4
Qc5+ 23.Kg2 Nf8 24.f5 Re3 25.Qc2 Rdd3 26.Rae1 Nd7 27.e6 fxe6 28.fxe6 Nf6 29.e7
g6 30.Ne5 Qxe5 31.Qxd3 Qb2+ 32.Rf2 Qxf2+ 33.Kxf2 Rxd3 34.e8=Q+ Nxe8 35.Rxe8+
Kf7 36.Ra8 Bb7 37.Ra7 Bc8 38.Rxc7+ Bd7 39.c5+ Ke7 40.cxb6 Rd4 41.a4 Rb4 42.Bd1
Kd6 43.a5 c5 44.Bf3 Rb2+ 45.Ke1 Ra2 46.Ra7 c4 47.b7 Rb2 48.Ra8 Kc7 49.a6 c3
50.Rc8+ Bxc8 51.bxc8=Q+ Kxc8 52.a7 {#r} 1-0

[Event "12th Teplice Open 2017"]
[Site "Teplice CZE"]
[Date "2017.06.12"]
[Round "3.5"]
[White "Holtman,Teodor"]
[Black "Sengupta,D"]
[Result "0-1"]
[WhiteElo "2344"]
[BlackElo "2594"]

1.e4 e5 2.Nf3 Nc6 3.d4 exd4 4.Nxd4 Bc5 5.Nb3 Bb6 6.Nc3 d6 7.Qe2 a5 8.Be3 a4
9.Bxb6 axb3 10.Be3 bxa2 11.Rxa2 Rxa2 12.Nxa2 Nge7 13.Qb5 O-O 14.Nc3 f5 15.Bc4+
Kh8 16.f3 fxe4 17.fxe4 Ne5 18.Rf1 c6 19.Qb3 N7g6 20.Rxf8+ Nxf8 21.Bf4 b5
22.Be2 Ne6 23.Be3 Qh4+ 24.g3 Qxh2 25.Nxb5 Qxg3+ 26.Kd2 cxb5 27.Qxb5 Qg6 28.Qb8
Qe8 29.Ba6 Bd7 30.Qxd6 Nf7 31.Qb6 Neg5 32.Bd3 Nxe4+ 33.Kc1 Nf6 34.b4 Nd5 {#R}
0-1

[Event "FSGM June 2017"]
[Site "Budapest HUN"]
[Date "2017.06.09"]
[Round "7.3"]
[White "Manca,F"]
[Black "Tan,Ju2"]
[Result "1-0"]
[WhiteElo "2397"]
[BlackElo "2448"]

1.e4 e5 2.Nf3 Nc6 3.d4 exd4 4.Nxd4 Bb4+ 5.c3 Be7 6.Bc4 d6 7.Nxc6 bxc6 8.Qb3
Nf6 9.Bxf7+ Kf8 10.Be6 Nxe4 11.Bxc8 Qxc8 12.O-O Nc5 13.Qc2 Qe6 14.Be3 Nd7
15.Nd2 Kf7 16.Rfe1 Bf6 17.Nf3 Ne5 18.Nxe5+ dxe5 19.Rad1 Rhd8 20.Rxd8 Rxd8
21.Qa4 Rd7 22.h3 a5 23.Qxa5 Qc4 24.b3 Qd3 25.c4 Qc2 26.Qa6 Rd6 27.Qb7 Bd8
28.Bc5 Rg6 29.Qc8 Qd2 30.Qf5+ Bf6 31.Rxe5 {#r} 1-0

[Event "CHN Team Men 2017"]
[Site "Beijing CHN"]
[Date "2017.06.06"]
[Round "1.2"]
[White "Yu Ruiyuan"]
[Black "Zhang,Ziji"]
[Result "1-0"]
[WhiteElo "2510"]
[BlackElo "2362"]
[EventType "team"]

1.e4 e5 2.Nf3 Nc6 3.d4 exd4 4.Nxd4 Bc5 5.Nxc6 Qf6 6.Qf3 bxc6 7.Nc3 Bd4 8.Qg3
d6 9.Bd2 Rb8 10.b3 h5 11.f4 h4 12.Qf3 Bg4 13.Qxg4 Bxc3 14.e5 Bxd2+ 15.Kxd2
dxe5 16.Re1 Ne7 17.Rxe5 O-O 18.Bd3 Nd5 19.g3 Rfd8 20.a3 Re8 21.Rhe1 Rxe5
22.Rxe5 hxg3 23.hxg3 Rd8 24.Qf5 Qh6 25.Qh5 Qxh5 26.Rxh5 Kf8 27.c4 Nf6 28.Ra5
Rb8 29.b4 Rb7 30.Ke3 Ke7 31.Ra6 c5 32.b5 Kd8 33.Bf5 Rb6 34.Rxa7 g6 35.Bh3 Rd6
36.Ra8+ Ke7 37.Rc8 Ne8 38.Bg2 Rd4 39.Bc6 Nd6 40.Rxc7+ Kf6 41.Bd5 Nxc4+ 42.Bxc4
Rxc4 43.Kd3 Ra4 44.b6 Rxa3+ 45.Kc4 Ra1 46.Rxc5 Ke6 47.b7 Rc1+ 48.Kb5 Rb1+
49.Kc6 {#r} 1-0

[Event "CHN Team Men 2017"]
[Site "Beijing CHN"]
[Date "2017.06.08"]
[Round "3.1"]
[White "Yu Ruiyuan"]
[Black "Xiu Deshun"]
[Result "1-0"]
[WhiteElo "2510"]
[BlackElo "2554"]
[EventType "team"]

1.e4 e5 2.Nf3 Nc6 3.d4 exd4 4.Nxd4 Nf6 5.Nc3 Bb4 6.Nxc6 bxc6 7.Bd3 d5 8.exd5
cxd5 9.O-O O-O 10.Qf3 c6 11.h3 Rb8 12.Bf4 Bd6 13.b3 Rb7 14.Ne2 Bxf4 15.Qxf4 c5
16.Rfd1 Qa5 17.Qd2 Qxd2 18.Rxd2 Re8 19.Rad1 Rb6 20.Nc3 Bd7 21.Nxd5 Nxd5 22.Bc4
Nf6 23.Rxd7 Nxd7 24.Rxd7 Rf6 25.Rxa7 Re1+ 26.Kh2 g6 27.f3 Rd1 28.Bd3 Rd2
29.Kg3 h5 30.h4 Re6 31.a4 Re1 32.a5 Rg1 33.a6 Rdxg2+ 34.Kf4 g5+ 35.hxg5 h4
36.Rd7 h3 37.a7 Ra1 38.Kf5 Kg7 39.Bc4 h2 40.Rxf7+ Kg8 41.Kf6 Rxg5 42.a8=Q+
Rxa8 43.Ra7+ {#r} 1-0

[Event "12th Teplice Open 2017"]
[Site "Teplice CZE"]
[Date "2017.06.11"]
[Round "2.5"]
[White "Sengupta,D"]
[Black "Liska,Ji2"]
[Result "1-0"]
[WhiteElo "2594"]
[BlackElo "2258"]

1.e4 e5 2.Nf3 Nf6 3.Nc3 Nc6 4.Bb5 Nd4 5.Bc4 d6 6.Nxd4 exd4 7.Nd5 Be6 8.d3 c6
9.Nxf6+ Qxf6 10.O-O g6 11.f4 Bg7 12.Bb3 Qe7 13.f5 Bxb3 14.axb3 Be5 15.Bf4 f6
16.Rf3 b6 17.Bxe5 dxe5 18.Rh3 Qg7 19.fxg6 hxg6 20.Qg4 Rxh3 21.Qe6+ Kf8 22.Rf1
Qh6 23.Qxf6+ Kg8 24.gxh3 {#r} 1-0

[Event "18th ch-EUR Indiv 2017"]
[Site "Minsk BLR"]
[Date "2017.06.06"]
[Round "7.74"]
[White "Paehtz,E"]
[Black "Grigoriants,S RUS"]
[Result "0-1"]
[WhiteElo "2474"]
[BlackElo "2576"]

1.e4 e5 2.Nf3 Nc6 3.Bc4 Bc5 4.d3 Nf6 5.O-O O-O 6.Re1 a6 7.a4 d6 8.c3 Ba7 9.Bg5
h6 10.Bh4 g5 11.Bg3 Nh7 12.Nbd2 h5 13.h4 g4 14.Nh2 Kh8 15.Ndf1 Ne7 16.Ne3 Ng6
17.Qb3 f5 18.exf5 Nxh4 19.Be6 Bxe3 20.Bxh4 Qxh4 21.Rxe3 Bxe6 22.Qxe6 Rae8
23.Qc4 Rxf5 24.Rf1 Ref8 25.Qxc7 Rxf2 26.Qxd6 Rxf1+ 27.Nxf1 Qf2+ 28.Kh2 Qf4+
{#R} 0-1

[Event "18th ch-EUR Indiv 2017"]
[Site "Minsk BLR"]
[Date "2017.06.10"]
[Round "11.31"]
[White "Popov,Iv RUS"]
[Black "Hakobyan,Aram"]
[Result "0-1"]
[WhiteElo "2618"]
[BlackElo "2449"]

1.e4 e5 2.Nf3 Nc6 3.Bc4 Bc5 4.d3 Nf6 5.O-O O-O 6.h3 a6 7.a4 h6 8.Re1 d6 9.c3
Ba7 10.Nbd2 Ne7 11.Nf1 Ng6 12.Ba2 Nh5 13.d4 Qf6 14.Ne3 Nhf4 15.Ng4 Qe7 16.Bc4
Bxg4 17.hxg4 Qd7 18.Nh2 exd4 19.cxd4 d5 20.Bb3 c6 21.e5 f6 22.e6 Nxe6 23.Bc2
Ne7 24.Nf3 Rfe8 25.Ra3 Nf8 26.Nh4 g5 27.Nf3 Neg6 28.Bf5 Qf7 29.Rb3 Rxe1+
30.Qxe1 Re8 31.Qb4 Re7 32.g3 Qe8 33.Bd2 Qd8 34.Qa5 Qb8 35.Bb4 Re8 36.Ba3 Ne7
37.Qb4 Nxf5 38.gxf5 b5 39.axb5 axb5 40.Rc3 g4 41.Nd2 Qc8 42.Nf1 Qxf5 43.Rxc6
Ne6 44.Ne3 Qb1+ 45.Kh2 Qe4 46.Ra6 Bb8 47.Qxb5 Bxg3+ 48.fxg3 Nc7 49.Qf1 Nxa6
50.Qxf6 Qe6 51.Qxe6+ Rxe6 52.Nxg4 Re2+ 53.Kh3 Kg7 54.Bd6 Rxb2 55.Bf4 h5 56.Ne3
Rb5 57.g4 hxg4+ 58.Kxg4 Kf6 59.Be5+ Ke6 60.Ng2 Nb4 61.Nf4+ Kd7 62.Kf5 Nc2
63.Nd3 Rb1 64.Nf4 Ne3+ 65.Kf6 Rf1 66.Kg5 Kc6 67.Ne6 Kb5 68.Bf4 Nc2 69.Be5 Kc4
70.Kg4 Rd1 71.Kf3 Nxd4+ {#R} 0-1

[Event "FSIM June 2017"]
[Site "Budapest HUN"]
[Date "2017.06.07"]
[Round "5.5"]
[White "Paramzina,A"]
[Black "Vardan,Nagpal"]
[Result "0-1"]
[WhiteElo "2192"]
[BlackElo "2129"]

1.e4 e5 2.Nf3 Nc6 3.Bc4 Bc5 4.d3 Nf6 5.c3 O-O 6.Bg5 h6 7.Bh4 Be7 8.Bb3 d6
9.Nbd2 Nh5 10.Bxe7 Qxe7 11.Nc4 Nf4 12.Ne3 Be6 13.O-O Rad8 14.g3 Ng6 15.h4 Qd7
16.Ba4 Bg4 17.Nxg4 Qxg4 18.Nh2 Qxd1 19.Raxd1 Nge7 20.Ng4 a6 21.Ne3 b5 22.Bc2
d5 23.exd5 Nxd5 24.Nxd5 Rxd5 25.f4 Rd7 26.Rde1 exf4 27.Rxf4 Ne7 28.d4 Nd5
29.Rfe4 g6 30.Bb3 Rfd8 31.Kf2 Kg7 32.Re8 h5 33.a4 c6 34.a5 b4 35.Rxd8 Rxd8
36.c4 Nf6 37.Rd1 Ne4+ 38.Kf3 Nd6 39.d5 c5 40.Re1 Kf6 41.Kf4 Rg8 42.Re5 Rb8
43.Re1 Rd8 44.Re5 Rg8 45.Ba2 Re8 46.Rxe8 Nxe8 47.Bb1 Nd6 48.b3 Nb7 49.Bd3 Nxa5
50.Bc2 Nb7 51.Bb1 a5 52.Bc2 Nd6 53.Bd3 Nc8 54.Bb1 Nb6 55.Bc2 a4 56.Ke4 a3
57.Bb1 Nxc4 {#R} 0-1

[Event "44th OKU 2017"]
[Site "Utrecht NED"]
[Date "2017.06.11"]
[Round "5.8"]
[White "Van Dael,Siem"]
[Black "Konings,F"]
[Result "0-1"]
[WhiteElo "2233"]
[BlackElo "2244"]

1.e4 e5 2.Nf3 Nc6 3.Bc4 Bc5 4.b4 Bxb4 5.c3 Ba5 6.d4 b5 7.Bxb5 Nxd4 8.Nxd4 exd4
9.Qxd4 Qf6 10.O-O Bb6 11.Qxf6 Nxf6 12.e5 Ne4 13.Bd3 Bb7 14.Bxe4 Bxe4 15.Re1
Bd5 16.Nd2 O-O-O 17.Bb2 h5 18.c4 Bb7 19.Nb3 a6 20.c5 Ba7 21.Red1 Rh6 22.Bd4
Bd5 23.Be3 Bxb3 24.axb3 Re6 25.b4 Bb8 26.f4 g5 27.g3 gxf4 28.Bxf4 Kb7 29.Ra3
Rg6 30.h4 d6 31.Rad3 dxe5 32.c6+ Kxc6 33.Rxd8 Ba7+ 34.Kh2 exf4 35.gxf4 Rg4
36.Rc1+ Kb7 37.Rd7 Rxh4+ 38.Kg3 Rg4+ 39.Kf3 Bb6 40.Rxf7 Rh4 41.Rh7 Rh2 42.Ke4
h4 43.Rc3 Rb2 44.Rc4 Rh2 45.Kf5 Rh1 46.Kg4 Rg1+ 47.Kf5 Rh1 48.Ke4 h3 49.Rc3 h2
50.Rch3 Re1+ 51.Kf5 Bg1 52.Rc3 Re7 53.Rch3 Re1 54.Kg6 Re4 55.f5 Rg4+ 56.Kf7
Rxb4 57.f6 Rf4 58.Ke6 a5 59.f7 a4 60.Ke5 Rf1 61.Kd5 Kb6 62.Kc4 Rf4+ 63.Kd5 c6+
64.Ke6 Rf1 65.Kd7 Kb5 66.R3h5+ Kb4 67.Kxc6 a3 68.Rb5+ Kc4 69.Rh4+ Bd4 70.Ra5
Rf6+ 71.Kd7 Rxf7+ 72.Ke8 Rf4 73.Rxh2 Kb4 74.Ra8 Bb2 75.Rb8+ Kc3 76.Ra8 Rf3
77.Rxa3+ Bxa3 78.Kd7 Rd3+ 79.Ke6 Bc5 80.Rh4 Bd4 81.Kf5 Kc4 82.Ke6 Re3+ 83.Kf5
Kd5 84.Rf4 Re8 85.Kg4 Be3 86.Ra4 Bd4 87.Ra5+ Ke4 88.Rg5 Rf8 89.Kh5 Be3 90.Ra5
Rf6 91.Kg4 Rg6+ 92.Kh5 Rg8 93.Rb5 Bd4 94.Rg5 Rh8+ 95.Kg6 Be5 96.Rg4+ Kd5
97.Rg5 Ke6 98.Rh5 Rg8+ 99.Kh7 Rg1 100.Kh6 Bf6 101.Rh2 Kf7 102.Kh5 Rg8 103.Rh3
Ke6 104.Re3+ Be5 105.Kh6 Kf5 106.Rf3+ Bf4+ 107.Kh7 Rg1 108.Rf2 Rg4 109.Ra2 Be5
110.Rf2+ Ke6 111.Rf1 Bf6 112.Rb1 Rg7+ 113.Kh6 Rg8 114.Rb6+ Kf5 115.Rb5+ Be5
116.Rb7 Rh8+ 117.Rh7 Rg8 118.Rb7 Rg1 119.Kh7 Rh1+ 120.Kg8 Rh8+ {#R} 0-1

[Event "18th ch-EUR Indiv 2017"]
[Site "Minsk BLR"]
[Date "2017.06.06"]
[Round "7.52"]
[White "Fedoseev,Vl3"]
[Black "Sivuk,V"]
[Result "1-0"]
[WhiteElo "2690"]
[BlackElo "2520"]

1.e4 e5 2.Nf3 Nc6 3.Bc4 Bc5 4.c3 Nf6 5.d3 O-O 6.Nbd2 a5 7.O-O d6 8.h3 h6 9.Re1
Re8 10.Nf1 Bb6 11.Ng3 Be6 12.Bb5 Bd7 13.d4 a4 14.Bxc6 Bxc6 15.Qc2 exd4 16.cxd4
d5 17.e5 Ne4 18.Be3 Nxg3 19.fxg3 Bb5 20.g4 Re6 21.g5 h5 22.g4 hxg4 23.hxg4 g6
24.Qh2 Kf8 25.Nh4 Ke7 26.Ng2 c5 27.dxc5 d4 28.cxb6 dxe3 29.Nf4 Qd2 30.Nxe6
Qxh2+ 31.Kxh2 Kxe6 32.Rxe3 Rd8 33.Rg1 Bc6 34.Re2 Rd4 35.Kg3 Rd3+ 36.Kf2 Rf3+
37.Ke1 Rf4 38.Kd2 Bd5 39.a3 Rd4+ 40.Kc3 Rc4+ 41.Kd3 Rc6 42.Rf2 Kxe5 43.Re1+
Kd6 44.Re8 Bc4+ 45.Ke4 Bd5+ 46.Kf4 Kd7 47.Ra8 Bb3 48.Rd2+ Ke7 49.Rd4 Rxb6
50.Ra7 Ke6 51.Rb4 Rc6 52.Raxb7 Rc2 53.Kg3 Kd6 54.R4b6+ Kd5 55.Rxf7 Rxb2
56.Rxg6 Ra2 57.Rf5+ Ke4 58.Ra6 Rxa3 59.Kh4 Ra1 60.g6 a3 61.Rb5 {#r} 1-0

[Event "18th ch-EUR Indiv 2017"]
[Site "Minsk BLR"]
[Date "2017.06.06"]
[Round "7.70"]
[White "Khegay,D"]
[Black "Bogdanovich,S"]
[Result "1-0"]
[WhiteElo "2482"]
[BlackElo "2596"]

1.e4 e5 2.Nf3 Nc6 3.Bc4 Bc5 4.c3 Nf6 5.d3 a6 6.O-O O-O 7.Re1 d6 8.Bb3 Be6
9.Bc2 d5 10.exd5 Bxd5 11.Nxe5 Nxe5 12.Rxe5 Bd6 13.Re1 Qd7 14.Nd2 Rae8 15.Rxe8
Rxe8 16.Nf1 Ng4 17.Be3 h5 18.Bb3 Bc6 19.h3 Nf6 20.d4 Qf5 21.Bc2 Qe6 22.Nd2 Nd5
23.Nf1 Nf4 24.Bxf4 Qd5 25.f3 Bxf4 26.Be4 Qb5 27.Qc2 Bxe4 28.fxe4 c5 29.Re1
cxd4 30.cxd4 Rd8 31.d5 Qa5 32.Qc3 Qxc3 33.bxc3 Rc8 34.Rb1 b5 35.Rb3 Be5 36.Ra3
Bxc3 37.Rxa6 Bd4+ 38.Kh2 Rc1 39.d6 Rd1 40.g3 Be5 41.Kg2 Bxd6 42.Ra8+ Bf8
43.Ne3 Rd2+ 44.Kf3 g6 45.Ra5 b4 46.e5 Rd3 47.Ke4 Rc3 48.h4 Kg7 49.Kd4 Kh6
50.Ke4 Kh7 51.Ra8 Kg7 52.Kf4 Rd3 53.Ke4 Rc3 54.Ra5 Bc5 55.Nd5 Rc4+ 56.Kf3 Bd4
57.Rb5 Bc3 58.Nf4 Rc6 59.Nd3 Ra6 60.Nxb4 Ra3 61.Nd3 Rxa2 62.Rb7 Ra6 63.Rc7 Ba1
64.Rb7 Rc6 65.Rb1 Bc3 66.Rc1 Rc7 67.Ke4 Rc4+ 68.Kf3 Rc7 69.Ke4 Kf8 70.Kd5 Rd7+
71.Ke4 Rc7 72.Kd5 Ke7 73.Ke4 Rc4+ 74.Kf3 Rc7 75.Ke4 Ke8 76.Kf3 Kd7 77.Ke4 Rc4+
78.Kf3 Rc6 79.Ke4 Rc4+ 80.Kf3 Kc7 81.Nf4 Rc5 82.e6 f6 83.Rd1 Ba5 84.e7 Re5
85.Nxg6 Re6 86.Nf4 Re5 87.Rd5 {#r} 1-0

[Event "18th ch-EUR Indiv 2017"]
[Site "Minsk BLR"]
[Date "2017.06.10"]
[Round "11.53"]
[White "Vocaturo,D"]
[Black "Godena,M"]
[Result "1-0"]
[WhiteElo "2604"]
[BlackElo "2506"]

1.e4 e5 2.Nf3 Nc6 3.d4 exd4 4.Bc4 Bc5 5.c3 Nf6 6.e5 d5 7.Bb5 Ne4 8.cxd4 Bb6
9.Nc3 O-O 10.Be3 Bd7 11.Qb3 Ba5 12.O-O Bxc3 13.bxc3 Bg4 14.Ne1 Be6 15.f3 Nc5
16.Qb1 Nd7 17.Bd3 h6 18.Qxb7 Na5 19.Qb1 Nc4 20.Qc1 f6 21.f4 f5 22.Nf3 Ndb6
23.Bf2 Rb8 24.Nh4 Na4 25.g4 Nab2 26.Bxf5 Bxf5 27.Nxf5 Nd3 28.Qc2 Rxf5 29.gxf5
Nxf4 30.Qd1 Qg5+ 31.Bg3 Ne3 32.Qf3 Nh3+ 33.Kh1 Rf8 34.Bh4 Qxh4 35.Qxe3 Ng5
36.Rf4 Qh5 37.Rg1 Rb8 38.Qg3 Rb2 39.h4 Kf8 40.f6 gxf6 41.Rxf6+ Ke7 42.Qg4 Qxg4
43.Rxg4 {#r} 1-0